000 004370000a22001810004500
001 002695
003 OSt
005 20140725020001.0
008 110511t xxu||||| |||| 00| 0 eng d
022 _a16844874
040 _aPurchase
082 _a348.042 EAS
245 _aThe East Africa law reports 1959 /
260 _bLaw Africa
_cc2002
650 _acases
_aEast Africa
_alaws
_areports
_93920
653 _aLaw
942 _cLRT
_2ddc
_01
999 _c1779
_d1779